Регионална библиотека "Любен Каравелов" - Русе

Данъчно облагане 2008 (Запис номер 76343)

MARC детайли
000 -Лидер
Контролно поле с фиксирана дължина 02196nam a2200373 c 4500
003 - Код на организацията, давaща контролен номер
Контролно поле BLK
005 - Дата и час на последна редакция
Контролно поле 20180503150004.0
008 - Елементи от данни с фиксирана дължина
fixed length control field 180408b bul|||||r ||||||| ||bul||
010 ## - Наследен системен номер
LC control number KNG00080774000
020 ## - Международен стандартен номер на книга ISBN
Международен стандартен номер на книга ISBN 978-954-28-0187-0
-- издат.: Сиела Софт енд Паблишинг
040 ## - Източник на каталожния запис
Идентификатор на билиотеката - собственик на записа BLK
041 ## - Код за език
Код за езика на текст/звукозапис или на отделно заглавие Български
Код за езика КДБФ Български
080 ## - УДК
Текстов определител УДК Обществени финанси. Финансово законодателство. Подразделя се със знака за съотношение и индекса 336. 12
УДК код - определител по УДК 351.72
УДК определител :336.2(497.2)(094.9)
УДК - код + определител 351.72:336.2(497.2)(094.9)
110 1# - Редна дума - колетивен орган
Редна дума - наименование на организация или юридическо лице България. Закони и др. п.
9 (RLIN) 243213
139 ## - Редно поле
Редна дума България. Закони и др. п.
Авторски знак Бъл - Б 92
245 10 - Сведения за заглавието
Заглавие Данъчно облагане 2008
257 ## - Страна на издаване
Страна на създаване/издаване България
260 ## - Област на издателските данни
-- София
Име на издателя, разпространителя и проч. Сиела Софт енд Паблишинг
Година на издаване 2007
300 ## - Физическа характеристика
Страници 828 с.
Илюстрации и др. с табл.
Размери/Мащаб 23 см
380 ## - Жанр
Жанр Обществени науки
500 ## - Общи забележки
Забележка Съдържа : Закон за местните данъци и такси ; Закон за данъците върху доходите на физическите лица ; Закон за корпоративното подоходно облагане ; Закон за данък върху добавената стойност ; Правилник за прилагане на ЗДДС ; Закон за акцизите и данъчните складове ; Правилник за прилагане на ЗАДС : Изм. ДВ, бр. 4 от 15 ян. 2008 г.
650 #4 - Допълнително описание по предмет – тема
Основно описание – тема или топоним Данъчно облагане - България - законодателни и директивни материали
9 (RLIN) 247464
650 #4 - Допълнително описание по предмет – тема
Основно описание – тема или топоним Данъци - България - законодателни и директивни материали
9 (RLIN) 249104
650 #4 - Допълнително описание по предмет – тема
Основно описание – тема или топоним Такси - България - законодателни и директивни материали
9 (RLIN) 261452
653 ## - Ключова дума – ненормативна
Ключова дума данъчно облагане
653 ## - Ключова дума – ненормативна
Ключова дума данъци
653 ## - Ключова дума – ненормативна
Ключова дума такси
653 ## - Ключова дума – ненормативна
Ключова дума закони
852 ## - Местоположение
Форматна сигнатура Цб 237944
856 4# - Електронен адрес и достъп
Електронен формат pdf - файл
Път до файла /url/
856 4# - Електронен адрес и достъп
Електронен формат pdf - файл
Път до файла /url/
942 ## - АРТИКУЛИ
Вид на библиотечния материал Книги
Скрит в OPAC Не
Koha issues (borrowed), all copies 1
944 ## - СЪЗДАВАНЕ И РЕДАКЦИЯ на ЗАПИСА
Създаване/Редакция Създаване
Дата на регистрацията/редакция 24.01.2008
Служител, извършил регистрацията/редакцията Валя_Йорданова
944 ## - СЪЗДАВАНЕ И РЕДАКЦИЯ на ЗАПИСА
Създаване/Редакция Редакция
Дата на регистрацията/редакция 05.10.2009
Служител, извършил регистрацията/редакцията
999 ## - СИСТЕМНИ КОНТРОЛНИ НОМЕРА
Koha biblionumber 76343
Koha biblioitemnumber 76343
Наличности
Код за отписване Код за изгубен артикул Източник на класификационната схема Код за повреда Коз за рестрикции Код за отдаване Артикулен № Име на библиотеката - собственик Име на библиотеката, в която се намира в момента Статус (Текущо местоположение) Дата на вписване в системата Местоположение - отдел Цена в лева Инвентарен номер Систематично азбучна сигнатура Баркод Номер на екземпляра Цена в евро Служебна бележка Служебен тип на артикула
Изтеглен Не е изгубен Universal Decimal Classification Не е повреден без рестрикции заемане за дома 124024 Регионална библиотека "Любен Каравелов" Русе Регионална библиотека "Любен Каравелов" Русе Заемна - подръчен фонд 2008-01-24 Заемна - подръчен фонд 15.00 120000722519 П 351/Б 92 120000722519 1 7.67 Дост: Pk Вид: Ф N: 14274 Дата: 22.01.2008 Дата инв: 07.02.2018 Бележки инв: П2018 Книги
  Не е изгубен   Не е повреден без рестрикции ползва се в читалня 124025 Регионална библиотека "Любен Каравелов" Русе Регионална библиотека "Любен Каравелов" Русе Хранилище 2009-08-17 Хранилище 15.00 120000737351 Цб 237944 120000737351 2 7.67 Дост: Dp Вид: Д N: 9 Дата: 18.02.2009 Книги
Vip Innovations Ltd, Rousse, Bulgaria 2025